000 00409 a2200145 4500
003 NUST
005 20230221181052.0
040 _cNust
082 _a297.3,AZI
100 _aAziz, abdul bin abdullah bin baz
_9109099
245 _ajadu tone ka ilaj / جادو ٹونے کا علاج (Urdu) /
_cAbdul Aziz bin abdullah bin baz
260 _aLahore
_bDarussalam
300 _a28p.
942 _2ddc
_cBK
_k297.3,AZI
999 _c217195
_d217195